000 02507nam0a2200361 i 4500
001 RU\NLR\BIBL_A\011396686
005 20260409080308.0
010 _a9785797223306
_9100
021 _aRU
_b2017-33883
_92489
021 _aRU
_b2017-33883
_92914
035 _a(RuMoRGB)008879906
035 _a(NLR Aleph) 011396686
090 _a11483331
_c11483331
100 _a20170531d2017 km y0rusy50 ca
101 0 _arus
102 _aRU
105 _aa|||z|||100zy
200 1 _aФизическая культура, спорт и туризм в высшем образовании
_eнаучные труды XXVIII Всероссийской научно-практической конференции студентов, аспирантов, молодых ученых, 21-22 апреля 2017 г.
_f[редакционная коллегия: Денисов Е. А. и др.]
210 _aРостов-на-Дону
_cРГЭУ (РИНХ)
_d2017
215 _a303 с.
_cил., табл.
_d21
300 _aВ надзаг.: Министерство спорта Российской Федерации, Научно-методический совет по физической культуре юга Российской Федерации, ФГБОУ ВО "Ростовский государственный экономический университет (РИНХ)"
320 _aБиблиогр. в конце ст.
606 _aСтуденты
_xФизическое воспитание
_jСъезды, совещания и т.п
_3RU\NLR\AUTH\661059662
_91709943
606 _aФизическая культура и спорт
_xВысшая школа
_jСъезды, совещания и т.п
_3RU\NLR\AUTH\6601625051
_92345752
686 1 _aЧ511.1,6(2)531.8я431
686 1 _aЧ481.354я431
702 1 _4340
_8rus
_7ca
_aДенисов
_bЕ. А.
_cканд. пед. наук, физическое воспитание
_gЕвгений Анатольевич
_3RU\NLR\AUTH\77114115
_997040
711 1 2 _a"Физическая культура, спорт и туризм в высшем образовании", всероссийская научно-практическая конференция студентов, аспирантов, молодых ученых
_d28
_eРостов-на-Дону
_f2017
_9559123
_3RU\NLR\AUTH\880447751
942 _cBOOK
980 _aNBR